00973nam a2200253 a 450000100060000000300080000600500170001400800410003102000280007203500190010004000350011904100080015408200270016210000330018924501070022226000450032930000340037450400510040865000330045965000340049294200120052699900170053895201640055566030BD-RjUL20211209081507.0170313s2001 enka b 001 0 eng d a0750671858 (alk. paper) a(BD-RjUL)66160 aBD-RjULcBD-RjULdBD-RjULbeng aeng00a001.0688223bDAD 20011 aDawson, Ross,d1962-919531410aDeveloping knowledge-based client relationships :bthe future of professional services /cRoss Dawson. aBoston :bButterworth-Heinemann,cc2000. axix, 275 p. :bill. ;c24 cm. aIncludes bibliographical references and index. 0aKnowledge management9182656 0aBusiness consultants.9185018 2ddccBK c66030d66030 00102ddc40718NFICaRUCLbRUCLcReadingd2006-08-07eDhaka, Paragon Enterprises Ltd.g895.00l0o001.0688 DAD 2001r2017-03-13 00:00:00tC-1w2017-03-13yBK